Normal view MARC view
  • MANAGENT

Entry Topical Term

Number of records used in: 1

001 - CONTROL NUMBER

  • control field: 7333

003 - CONTROL NUMBER IDENTIFIER

  • control field: OSt

005 - DATE AND TIME OF LATEST TRANSACTION

  • control field: 20221213130604.0

008 - FIXED-LENGTH DATA ELEMENTS

  • fixed length control field: 221213|| aca||aabn | a|a d

040 ## - CATALOGING SOURCE

  • Original cataloging agency: OSt
  • Transcribing agency: OSt

150 ## - HEADING--TOPICAL TERM

  • Topical term or geographic name as entry element: MANAGENT

670 ## - SOURCE DATA FOUND

  • Source citation: Work cat.: (OSt)8030: M.N ARORA 7332, COST AND MANAGEMENT ACCOUNTING , 2022